[Event "78th ch-ESP 2013"]
[Site "Linares ESP"]
[Date "2013.08.30"]
[Round "2.6"]
[White "Alonso Rosell, Alvar"]
[Black "Shen, Yue"]
[Result "1-0"]
[WhiteElo "2550"]
[BlackElo "2283"]
[PlyCount "111"]
[EventDate "2013.08.29"]

1. c4 Nf6 2. g3 c6 3. Nf3 d5 4. Bg2 g6 5. O-O Bg7 6. d4 O-O 7. b3 Ne4 8. Bb2
Nd7 9. e3 Ndf6 10. Ne5 Be6 11. Qe2 Nd7 12. Nd3 f5 13. f3 Nd6 14. cxd5 cxd5 15.
Nc3 Nf6 16. Na4 Bd7 17. Nac5 b6 18. Nxd7 Qxd7 19. Ne5 Qb7 20. Ba3 Nf7 21. Rfc1
Rfc8 22. Bf1 a5 23. Qb5 Nxe5 24. dxe5 Nd7 25. f4 e6 26. Bb2 Bf8 27. a3 Kf7 28.
b4 axb4 29. axb4 Rxa1 30. Rxa1 Ke8 31. Bd4 Be7 32. Ra6 Bd8 33. Qa4 Qc6 34. Qxc6
Rxc6 35. Bb5 Rc1+ 36. Kf2 Rc2+ 37. Kf3 Ke7 38. Ra7 Rc7 39. Ra6 Rc2 40. h3 h5
41. Bxd7 Kxd7 42. Bxb6 Be7 43. Ra7+ Ke8 44. Ra8+ Kf7 45. b5 Rb2 46. Ra5 Rb3 47.
Bd4 Bd8 48. Ra7+ Ke8 49. Rb7 h4 50. g4 Rb1 51. g5 Rg1 52. b6 Rg3+ 53. Kf2 Rxh3
54. Rh7 Rh1 55. b7 Rb1 56. Ba7 1-0

[Event "78th ch-ESP 2013"]
[Site "Linares ESP"]
[Date "2013.08.30"]
[Round "2.7"]
[White "Rioboo De Larriva, Alvaro"]
[Black "Lopez Martinez, Josep Manuel"]
[Result "0-1"]
[WhiteElo "2247"]
[BlackElo "2547"]
[PlyCount "64"]
[EventDate "2013.08.29"]

1. c4 b6 2. Nc3 Bb7 3. Nf3 e6 4. g3 Bb4 5. Bg2 Bxc3 6. bxc3 Ne7 7. O-O d6 8. d4
O-O 9. Qc2 f5 10. Rd1 Be4 11. Qb3 Nbc6 12. a4 Na5 13. Qa2 h6 14. Ne1 Qd7 15. f3
Bb7 16. Rb1 Ba6 17. c5 dxc5 18. e4 cxd4 19. cxd4 Rad8 20. Bb2 Nc4 21. Ba1 Ne3
22. Rd2 Nc6 23. Qb3 Nxg2 24. Nxg2 fxe4 25. fxe4 Qf7 26. Ne3 Ne5 27. Kh1 Qf3+
28. Rg2 Nd3 29. Qxe6+ Kh7 30. Ng4 Bc8 31. Qe7 Bxg4 32. d5 Qf1+ 0-1

[Event "78th ch-ESP 2013"]
[Site "Linares ESP"]
[Date "2013.08.30"]
[Round "2.8"]
[White "Ibarra Jerez, Jose Carlos"]
[Black "De Prado Rodriguez, Oscar Bruno"]
[Result "1-0"]
[WhiteElo "2538"]
[BlackElo "2251"]
[PlyCount "51"]
[EventDate "2013.08.29"]

1. e4 d5 2. exd5 Qxd5 3. Nf3 Bg4 4. Be2 Nc6 5. d4 O-O-O 6. c4 Qa5+ 7. Bd2 Qf5
8. Be3 Bxf3 9. Bxf3 Nxd4 10. Bxd4 Qe6+ 11. Be2 Qe4 12. O-O Rxd4 13. Qa4 Qxe2
14. Qxa7 Rg4 15. h3 Rg6 16. Qa8+ Kd7 17. Nc3 Qxb2 18. Rad1+ Rd6 19. Nb5 Rxd1
20. Rxd1+ Ke6 21. Nxc7+ Kf6 22. Qxf8 e6 23. Nxe6 Qe2 24. Rd6 Qe1+ 25. Kh2 Nh6
26. Nd4+ 1-0

[Event "78th ch-ESP 2013"]
[Site "Linares ESP"]
[Date "2013.08.30"]
[Round "2.10"]
[White "Narciso Dublan, Marc"]
[Black "Aranaz Murillo, Amalia"]
[Result "1-0"]
[WhiteElo "2505"]
[BlackElo "2246"]
[PlyCount "74"]
[EventDate "2013.08.29"]

1. e4 c6 2. d4 d5 3. Nd2 dxe4 4. Nxe4 Nf6 5. Nxf6+ gxf6 6. c3 Qd5 7. c4 Qe4+ 8.
Ne2 Nd7 9. Be3 Nb6 10. Nc3 Qg6 11. c5 Nd7 12. b4 f5 13. g3 h5 14. Bg2 Nf6 15.
b5 Ne4 16. bxc6 bxc6 17. Qd3 Nxc3 18. Qxc3 Bg7 19. Qa5 O-O 20. Rd1 Bd7 21. O-O
Rfc8 22. Qa4 Be8 23. Rb1 Qe6 24. Rb7 a5 25. Rd1 Bf6 26. Rb6 Ra7 27. h4 Bg7 28.
Qc2 Qd7 29. Qe2 Rb7 30. Qxh5 Rxb6 31. cxb6 Rb8 32. d5 cxd5 33. Rxd5 Qa4 34.
Rxf5 Qxa2 35. Rxa5 Qb1+ 36. Kh2 Qc2 37. b7 Ra8 1-0

[Event "78th ch-ESP 2013"]
[Site "Linares ESP"]
[Date "2013.08.30"]
[Round "2.11"]
[White "Martinez Lopez, David"]
[Black "Larino Nieto, David"]
[Result "0-1"]
[WhiteElo "2238"]
[BlackElo "2491"]
[PlyCount "170"]
[EventDate "2013.08.29"]

1. e4 c6 2. c4 g6 3. d4 Bg7 4. Nc3 d6 5. Be3 e5 6. Nf3 Bg4 7. Be2 Bxf3 8. gxf3
Qb6 9. d5 c5 10. a3 Nd7 11. b4 a6 12. Qa4 Bh6 13. Bxh6 Nxh6 14. Rb1 Rb8 15. Qc2
Qd8 16. h4 O-O 17. Qd2 Kg7 18. h5 Ng8 19. Bd3 b6 20. Ke2 Ndf6 21. Rbg1 Re8 22.
hxg6 fxg6 23. Qg5 Rb7 24. Nd1 Kf8 25. Ne3 Qe7 26. Rh4 a5 27. b5 Qg7 28. Kd2 Rf7
29. Rg3 Nd7 30. Bf1 Qf6 31. Qg4 Ke7 32. Qh3 Nf8 33. Qh1 Kd8 34. Rh2 Qe7 35. Ng4
Rf4 36. Be2 Nf6 37. Nxf6 Rxf6 38. Bf1 Rf4 39. Bh3 Qg7 40. Ke2 Re7 41. a4 Ref7
42. Bg4 Qf6 43. Bh3 Ke7 44. Bf1 h5 45. Rgh3 Nh7 46. Ke3 Ng5 47. Be2 Nxh3 48.
Rxh3 Rh7 49. Bd1 Qg5 50. Kd3 h4 51. Be2 Qh6 52. Qg2 g5 53. Rh2 h3 54. Qg3 Rh4
55. Kc2 Rf7 56. Bd1 Rff4 57. Kd3 Kf6 58. Be2 Qh7 59. Qg1 g4 60. Qh1 gxf3 61.
Bxf3 Ke7 62. Ke3 Rf8 63. Be2 Qf7 64. f3 Qf4+ 65. Kd3 Qg3 66. Ke3 Rh6 67. Kd2
Rg8 68. Bf1 Qf4+ 69. Ke2 Qc1 70. Rxh3 Qxc4+ 71. Ke1 Qc1+ 72. Ke2 Rgh8 73. Qg1
Qf4 74. Rxh6 Qxh6 75. Qg4 c4 76. Kd1 c3 77. Kc2 Qd2+ 78. Kb3 Qb2+ 79. Kc4 Qb4+
80. Kd3 Qd4+ 81. Kc2 Rh2+ 82. Bg2 Qxa4+ 83. Kxc3 Qa3+ 84. Kc4 Qb4+ 85. Kd3 Qb3+
0-1

[Event "78th ch-ESP 2013"]
[Site "Linares ESP"]
[Date "2013.08.30"]
[Round "2.13"]
[White "Sos Andreu, Eric"]
[Black "Almagro Llamas, Pablo"]
[Result "1-0"]
[WhiteElo "2229"]
[BlackElo "2474"]
[PlyCount "73"]
[EventDate "2013.08.29"]

1. d4 Nf6 2. c4 e6 3. g3 c5 4. d5 exd5 5. cxd5 d6 6. Nc3 g6 7. Bg2 Bg7 8. Nf3
O-O 9. O-O Re8 10. Nd2 a6 11. a4 Nbd7 12. h3 Rb8 13. Nc4 Ne5 14. Na3 Nh5 15. e4
Bd7 16. a5 Qxa5 17. g4 Nf6 18. f4 Nexg4 19. hxg4 Nxg4 20. f5 h5 21. Bg5 Qb4 22.
f6 Re5 23. Qd2 Rxg5 24. Nc2 Qb6 25. fxg7 Qd8 26. Ne1 Ne5 27. Nf3 Nxf3+ 28. Rxf3
Kxg7 29. Raf1 Be8 30. Nd1 Qe7 31. Rf6 Qe5 32. Ne3 b5 33. b4 h4 34. R6f3 Qd4 35.
Qf2 Rg3 36. bxc5 Rxf3 37. Nf5+ 1-0

[Event "78th ch-ESP 2013"]
[Site "Linares ESP"]
[Date "2013.08.30"]
[Round "2.14"]
[White "Gonzalez De La Torre, Santiago"]
[Black "Hernandez Estevez, Yudania"]
[Result "1/2-1/2"]
[WhiteElo "2472"]
[BlackElo "2230"]
[PlyCount "97"]
[EventDate "2013.08.29"]

1. e4 e5 2. f4 exf4 3. Bc4 Nf6 4. Nc3 c6 5. Bb3 d5 6. exd5 cxd5 7. d4 Bd6 8.
Nf3 Nc6 9. O-O Be6 10. Ng5 h6 11. Nxe6 fxe6 12. Bxf4 O-O 13. Kh1 a6 14. Qd3
Bxf4 15. Rxf4 Qd6 16. Ne2 Ne4 17. Rxe4 dxe4 18. Qxe4 Rf6 19. c3 Raf8 20. Kg1
Ne7 21. Ng3 Nd5 22. Bc2 Qf4 23. Qh7+ Kf7 24. Ne4 Ke7 25. Nxf6 Qxf6 26. h3 Qf2+
27. Kh1 Qg3 28. Qg6 Qxg6 29. Bxg6 Rf2 30. Rb1 Nf4 31. Be4 b5 32. a3 g5 33. Bb7
a5 34. Bc6 b4 35. cxb4 axb4 36. axb4 Rd2 37. Ra1 Rxb2 38. Ra7+ Kf6 39. b5 h5
40. Rb7 h4 41. Bf3 Nd5 42. Bxd5 exd5 43. b6 Kf5 44. Re7 Rxb6 45. Re5+ Kf4 46.
Kh2 Rb1 47. Rxd5 Rd1 48. Rd8 Ke4 49. Rg8 1/2-1/2

[Event "78th ch-ESP 2013"]
[Site "Linares ESP"]
[Date "2013.08.30"]
[Round "2.15"]
[White "Ruiz Sanchez, Miguel Angel"]
[Black "Recuero Guerra, David"]
[Result "1-0"]
[WhiteElo "2221"]
[BlackElo "2454"]
[PlyCount "147"]
[EventDate "2013.08.29"]

1. d4 Nf6 2. Bf4 d6 3. e3 g6 4. Be2 Bg7 5. h3 O-O 6. Nf3 c5 7. c3 cxd4 8. exd4
Be6 9. O-O Nc6 10. Na3 Rc8 11. c4 d5 12. c5 Nd7 13. Bb5 Ndb8 14. Qd2 Qa5 15.
Qc3 Bf5 16. Rfd1 Qxc3 17. bxc3 b6 18. cxb6 axb6 19. g4 Bd7 20. Bf1 Na5 21. Rdc1
Bc6 22. Ne5 Bxe5 23. Bxe5 Nd7 24. Bf4 Ra8 25. h4 Nb7 26. Nc2 Rfc8 27. Nb4 Nf6
28. c4 Na5 29. g5 Nh5 30. cxd5 Nxf4 31. dxc6 Rc7 32. d5 Rd8 33. Rd1 Kg7 34. Kh2
Rd6 35. Kg3 Nh5+ 36. Kf3 Kf8 37. Bh3 f5 38. gxf6 Rxf6+ 39. Kg2 Nf4+ 40. Kh2
Nxh3 41. Kxh3 Nc4 42. Kg2 Nd6 43. Rd3 Nf5 44. Rh1 Kg7 45. Ra3 Rf8 46. Rhh3 h5
47. Ra6 b5 48. Ra5 Nd6 49. Rf3 Nf5 50. Kh3 Re8 51. Rfa3 Nd6 52. Na6 Rcc8 53.
Rb3 Ra8 54. Raa3 Rf8 55. Nc7 Rxa3 56. Ne6+ Kg8 57. Rxa3 Rxf2 58. Ra8+ Kh7 59.
Ra7 Nf5 60. Rb7 Rxa2 61. Rxb5 Ra3+ 62. Kh2 Ra2+ 63. Kg1 Ra1+ 64. Kf2 Ra2+ 65.
Ke1 Rc2 66. Rc5 Rxc5 67. Nxc5 Nd6 68. Kf2 Kg7 69. Kf3 Kf7 70. Kf4 Nc8 71. Ke5
Nd6 72. Ne4 Nxe4 73. Kxe4 Ke8 74. Kf4 1-0

[Event "78th ch-ESP 2013"]
[Site "Linares ESP"]
[Date "2013.08.30"]
[Round "2.16"]
[White "Teran Alvarez, Ismael"]
[Black "Gavilan Diaz, Mario"]
[Result "1-0"]
[WhiteElo "2422"]
[BlackElo "2225"]
[PlyCount "121"]
[EventDate "2013.08.29"]

1. Nf3 Nf6 2. b3 g6 3. Bb2 Bg7 4. g3 d6 5. Bg2 e5 6. c4 O-O 7. d3 Nbd7 8. O-O
c6 9. Nc3 Re8 10. Nd2 Nf8 11. Nde4 Ne6 12. b4 Nc7 13. Nxf6+ Bxf6 14. a4 d5 15.
b5 Be6 16. a5 cxb5 17. cxd5 Nxd5 18. Nxb5 a6 19. Na3 Qxa5 20. Nc4 Qd8 21. Bxe5
Bxe5 22. Nxe5 Rc8 23. Qd2 Qc7 24. Nf3 Qc3 25. Qh6 Qg7 26. Qxg7+ Kxg7 27. Ng5
Rc2 28. e3 Rec8 29. d4 h6 30. Ne4 R8c7 31. Nc5 Kf8 32. Rab1 Ke7 33. Rb3 b5 34.
Nxa6 Ra7 35. Nc5 Nc3 36. Nxe6 Kxe6 37. Bf3 f5 38. Bd1 Rc1 39. Bf3 Rc2 40. h3
Raa2 41. g4 Kf6 42. Kg2 Ke6 43. Kg3 Kf6 44. gxf5 gxf5 45. h4 Ke6 46. h5 Kd6 47.
Kf4 Ke6 48. Rg1 Rab2 49. Rg6+ Ke7 50. Rxb2 Rxb2 51. Rxh6 Rxf2 52. Kg3 Rf1 53.
Rb6 Ne4+ 54. Bxe4 fxe4 55. Rb7+ Kf6 56. Kg4 Rf3 57. h6 Rf1 58. h7 Rh1 59. Rxb5
Kg6 60. Rg5+ Kxh7 61. Rh5+ 1-0

[Event "78th ch-ESP 2013"]
[Site "Linares ESP"]
[Date "2013.08.30"]
[Round "2.17"]
[White "Zamarbide Inarrea, Daniel"]
[Black "Vega Gutierrez, Sabrina"]
[Result "0-1"]
[WhiteElo "2213"]
[BlackElo "2402"]
[PlyCount "84"]
[EventDate "2013.08.29"]

1. Nf3 d6 2. g3 e5 3. Bg2 f5 4. d3 Nf6 5. c4 g6 6. Nc3 Bg7 7. Bg5 h6 8. Bxf6
Qxf6 9. Qc2 c6 10. O-O O-O 11. Rfc1 Be6 12. Nd2 a5 13. Rab1 Nd7 14. a3 Qf7 15.
b4 Nf6 16. Nb3 axb4 17. axb4 g5 18. b5 c5 19. Ra1 Rxa1 20. Rxa1 e4 21. Ra7 Ng4
22. h3 Ne5 23. Na5 exd3 24. exd3 f4 25. Rxb7 Qh5 26. g4 Bxg4 27. Bd5+ Kh8 28.
hxg4 Qxg4+ 29. Kf1 f3 30. Ne4 h5 31. Nc6 h4 32. Nxe5 Bxe5 33. d4 Bg7 34. Ra7
Qg2+ 35. Ke1 h3 36. Ng3 Re8+ 37. Be4 h2 38. Ra8 Rxa8 39. Bxa8 Qg1+ 40. Kd2
Qxf2+ 41. Kc1 Qxg3 42. Qd1 g4 0-1

[Event "78th ch-ESP 2013"]
[Site "Linares ESP"]
[Date "2013.08.30"]
[Round "2.18"]
[White "Ruiz Sanchez, Andres"]
[Black "Astasio Lopez, David"]
[Result "1-0"]
[WhiteElo "2191"]
[BlackElo "2392"]
[PlyCount "111"]
[EventDate "2013.08.29"]

1. d4 d5 2. Bf4 c5 3. e3 Nc6 4. c3 Nf6 5. Nd2 Qb6 6. Qb3 c4 7. Qc2 g6 8. e4
Nxe4 9. Nxe4 dxe4 10. Bxc4 Bf5 11. Qb3 Qxb3 12. axb3 Bg7 13. Be3 a6 14. Ne2 O-O
15. O-O Rfd8 16. b4 Rac8 17. Bb3 Na7 18. d5 Nb5 19. Bb6 Rf8 20. c4 Nd6 21. c5
Nb5 22. Ba4 Bxb2 23. Bxb5 Bxa1 24. Bxa6 bxa6 25. Rxa1 Ra8 26. Nc3 Rfb8 27. h3
h5 28. Re1 Kf8 29. Nxe4 Rxb6 30. cxb6 Rb8 31. d6 Rxb6 32. dxe7+ Kxe7 33. Nc5+
Kd6 34. Ra1 Bc8 35. Ra5 Kc6 36. Nd3 Be6 37. Rc5+ Kd6 38. f4 f6 39. Ra5 Bc4 40.
Nc5 Kc6 41. Kh2 Bb5 42. Kg3 Kd5 43. Nxa6 Kc4 44. Nc7 Bd7 45. Nd5 Rd6 46. Rc5+
Kb3 47. b5 Be6 48. Nxf6 Bc4 49. Ne4 Rd4 50. Re5 Bd5 51. Nf6 h4+ 52. Kxh4 Bxg2
53. Kg3 Bf1 54. b6 Rd6 55. b7 Rb6 56. Nd7 1-0

[Event "78th ch-ESP 2013"]
[Site "Linares ESP"]
[Date "2013.08.30"]
[Round "2.19"]
[White "Matnadze, Ana"]
[Black "Navarrete Espi, Samuel"]
[Result "1-0"]
[WhiteElo "2390"]
[BlackElo "2214"]
[PlyCount "57"]
[EventDate "2013.08.29"]

1. d4 Nf6 2. g3 g6 3. Bg2 Bg7 4. Nf3 O-O 5. O-O d6 6. c4 c6 7. Nc3 Qb6 8. e3
Re8 9. Nd2 e5 10. c5 Qd8 11. cxd6 exd4 12. exd4 Qxd6 13. d5 cxd5 14. Nxd5 Nxd5
15. Nc4 Qe7 16. Qxd5 Be6 17. Qxb7 Bxc4 18. Qxe7 Rxe7 19. Bxa8 Bxf1 20. Kxf1 Na6
21. Be3 Bxb2 22. Rb1 Bc3 23. Rb3 Bb4 24. Bg5 Re1+ 25. Kg2 Be7 26. Bf4 Ra1 27.
Re3 Bf6 28. Bd6 Kg7 29. Ra3 1-0

[Event "78th ch-ESP 2013"]
[Site "Linares ESP"]
[Date "2013.08.30"]
[Round "2.20"]
[White "Suarez Garcia, Carlos"]
[Black "Silva Rodriguez, Julio"]
[Result "1-0"]
[WhiteElo "2321"]
[BlackElo "2198"]
[PlyCount "97"]
[EventDate "2013.08.29"]

1. Nf3 Nf6 2. c4 e6 3. g3 d5 4. Bg2 Be7 5. d4 O-O 6. O-O c6 7. Qc2 b6 8. Nbd2
Nbd7 9. e4 Bb7 10. e5 Ne8 11. Re1 Rc8 12. cxd5 cxd5 13. Qa4 a5 14. Bf1 Nb8 15.
a3 Bc6 16. Qd1 Qd7 17. Bd3 Ba4 18. b3 Bb5 19. Bb1 Ba6 20. Nf1 Nc7 21. Ng5 Bxg5
22. Bxg5 f5 23. exf6 gxf6 24. Bh6 Rf7 25. Ne3 Nc6 26. a4 Kh8 27. Ng2 Re8 28.
Nh4 e5 29. Bf5 Ne6 30. dxe5 fxe5 31. Qh5 Rf6 32. Bg7+ Qxg7 33. Qxe8+ Nf8 34.
Rac1 Bb7 35. Bc8 Bxc8 36. Qxc8 Nd4 37. Rxe5 Rf7 38. Re8 Qf6 39. f4 Nde6 40. Nf3
d4 41. Ne5 Rg7 42. Nd7 Qxf4 43. Rxf8+ Nxf8 44. Qxf8+ Qxf8 45. Nxf8 Re7 46. Rc6
Kg8 47. Ne6 d3 48. Kf2 d2 49. Ke2 1-0

[Event "78th ch-ESP 2013"]
[Site "Linares ESP"]
[Date "2013.08.30"]
[Round "2.21"]
[White "Sanchez Camino, Jose"]
[Black "Sanchez Aller, Fernando"]
[Result "0-1"]
[WhiteElo "1858"]
[BlackElo "2320"]
[PlyCount "70"]
[EventDate "2013.08.29"]

1. e4 d5 2. exd5 Nf6 3. Nf3 Bg4 4. Be2 Nxd5 5. d4 e6 6. c3 Be7 7. O-O Nd7 8.
Bd2 O-O 9. a3 c5 10. dxc5 Nxc5 11. c4 Nf6 12. Nc3 a5 13. Be3 Qc8 14. Ne5 Bf5
15. Bxc5 Qxc5 16. Nd7 Nxd7 17. Qxd7 Rfd8 18. Qxb7 Rab8 19. Qf3 Qe5 20. Nb5 Qxb2
21. Rad1 h6 22. Bd3 Bxd3 23. Rxd3 Rxd3 24. Qxd3 Rd8 25. Qe4 Bc5 26. g3 Rd2 27.
Qa8+ Kh7 28. Qe4+ f5 29. Qf3 Qc2 30. Nc7 Qxc4 31. Ne8 Qe4 32. Qc3 Qd4 33. Qf3
Bb6 34. h4 Rd3 35. Qb7 Rxg3+ 0-1

[Event "78th ch-ESP 2013"]
[Site "Linares ESP"]
[Date "2013.08.30"]
[Round "2.22"]
[White "Anton Guijarro, David"]
[Black "Leon Acosta, Miguel"]
[Result "1-0"]
[WhiteElo "2570"]
[BlackElo "2005"]
[PlyCount "57"]
[EventDate "2013.08.29"]

1. Nf3 Nf6 2. d4 d6 3. Nc3 Nc6 4. e4 Bg4 5. Be3 e6 6. h3 Bh5 7. d5 exd5 8. exd5
Bxf3 9. Qxf3 Ne5 10. Qe2 Be7 11. O-O-O c5 12. f4 Ned7 13. g4 O-O 14. g5 Ne8 15.
h4 Nc7 16. Bh3 Re8 17. Rhe1 b5 18. Nxb5 Nxb5 19. Qxb5 Nb6 20. Qd3 c4 21. Qc3
Qc7 22. Qa5 Qb7 23. Bd4 Bf8 24. h5 Rab8 25. g6 fxg6 26. hxg6 c3 27. Bxc3 Nc4
28. Rxe8 Nxa5 29. Be6+ 1-0

[Event "78th ch-ESP 2013"]
[Site "Linares ESP"]
[Date "2013.08.30"]
[Round "2.23"]
[White "Espinosa Aranda, Angel"]
[Black "Mercado Larrea, Adrian"]
[Result "1-0"]
[WhiteElo "2392"]
[BlackElo "1936"]
[PlyCount "97"]
[EventDate "2013.08.29"]

1. d4 d5 2. Nf3 Nf6 3. g3 c6 4. Bg2 g6 5. O-O Bg7 6. Nbd2 O-O 7. c4 Ne4 8. e3
Nxd2 9. Nxd2 e6 10. b3 Nd7 11. Bb2 Re8 12. e4 dxc4 13. Nxc4 Nb6 14. Rc1 Nxc4
15. Rxc4 Qd6 16. f4 Rd8 17. Qe2 Qe7 18. e5 Bd7 19. Rfc1 Rac8 20. Qf2 h5 21. Be4
Bf8 22. Kg2 Qe8 23. Qf3 b6 24. Bxc6 Bxc6 25. Rxc6 Rxc6 26. Qxc6 Qxc6+ 27. Rxc6
Bc5 28. dxc5 Rd2+ 29. Kf3 Rxb2 30. cxb6 axb6 31. Rxb6 Rxa2 32. Rb8+ Kg7 33. h3
Rh2 34. h4 Rb2 35. b4 Rb3+ 36. Ke4 Rxg3 37. b5 Rb3 38. Kd4 Rb4+ 39. Kc5 Rxf4
40. b6 Rf1 41. Ra8 Rc1+ 42. Kb5 Rb1+ 43. Ka6 Ra1+ 44. Kb7 Rb1 45. Ra5 f5 46.
exf6+ Kxf6 47. Kc6 Rd1 48. b7 Rd8 49. Ra8 1-0

[Event "78th ch-ESP 2013"]
[Site "Linares ESP"]
[Date "2013.08.30"]
[Round "2.24"]
[White "Fernandez Siles, Luis"]
[Black "Alvarez Fernandez, Enrique"]
[Result "0-1"]
[WhiteElo "2281"]
[BlackElo "2385"]
[PlyCount "42"]
[EventDate "2013.08.29"]

1. c4 e5 2. Nc3 Nc6 3. g3 Nf6 4. Bg2 Bc5 5. e3 O-O 6. Nge2 Re8 7. d3 d6 8. O-O
a5 9. b3 Bf5 10. Bb2 Qd7 11. Nd5 Nxd5 12. cxd5 Nb4 13. e4 Bh3 14. a3 Na6 15.
Kh1 c6 16. dxc6 bxc6 17. f4 Bxg2+ 18. Kxg2 Rab8 19. d4 exd4 20. Qd3 Qe6 21. b4
Qxe4+ 0-1

[Event "78th ch-ESP 2013"]
[Site "Linares ESP"]
[Date "2013.08.30"]
[Round "2.26"]
[White "Alvarez Morales, Miguel"]
[Black "Arboledas Fernandez, Antonio A"]
[Result "1/2-1/2"]
[WhiteElo "1983"]
[BlackElo "2149"]
[PlyCount "65"]
[EventDate "2013.08.29"]

1. e4 e5 2. Nf3 Nc6 3. Bb5 a6 4. Bxc6 dxc6 5. Nc3 f6 6. d4 exd4 7. Qxd4 Qxd4 8.
Nxd4 Bd6 9. Be3 c5 10. Nb3 b6 11. f3 Be6 12. O-O-O O-O-O 13. Rd2 Ne7 14. g3 Be5
15. Ne2 Bxb3 16. axb3 Rxd2 17. Bxd2 Rd8 18. Rd1 Nc6 19. Bc3 Rxd1+ 20. Kxd1 Bxc3
21. bxc3 Ne5 22. Ng1 b5 23. h3 a5 24. f4 Nc6 25. Nf3 Kd7 26. Nd2 Ke6 27. c4 b4
28. Nf3 Nd4 29. Nxd4+ cxd4 30. Kd2 c5 31. Ke2 g6 32. h4 g5 33. Kd3 1/2-1/2

[Event "78th ch-ESP 2013"]
[Site "Linares ESP"]
[Date "2013.08.30"]
[Round "2.27"]
[White "Villasenor Rubio, Emilio Jose"]
[Black "Roman Lopez, Jesus"]
[Result "1-0"]
[WhiteElo "2260"]
[BlackElo "1914"]
[PlyCount "79"]
[EventDate "2013.08.29"]

1. e4 e5 2. Nf3 Nc6 3. Bb5 Nf6 4. d3 Bc5 5. O-O d6 6. c3 O-O 7. Nbd2 Kh8 8. b4
Bb6 9. Nc4 Ne7 10. h3 Ng6 11. Nh2 c6 12. Nxb6 axb6 13. Bc4 d5 14. exd5 Nxd5 15.
Bd2 Ndf4 16. Nf3 b5 17. Bb3 f6 18. d4 e4 19. Ne1 f5 20. f3 Qh4 21. Bxf4 Nxf4
22. Qd2 e3 23. Qxe3 Bd7 24. Nd3 Nxh3+ 25. gxh3 Qg3+ 26. Kh1 Qxh3+ 27. Kg1 Qg3+
28. Kh1 Rf6 29. Ne5 f4 30. Nf7+ Rxf7 31. Qf2 Qh3+ 32. Qh2 Rf6 33. Qxh3 Bxh3 34.
Rfe1 Rg6 35. Re2 Rg3 36. Rae1 h5 37. Rf2 Rf8 38. Re5 g6 39. Re7 Rf5 40. Rfe2
1-0

[Event "78th ch-ESP 2013"]
[Site "Linares ESP"]
[Date "2013.08.30"]
[Round "2.28"]
[White "Lerma Moreno, Juan Manuel"]
[Black "Barrenechea Bahamonde, Gustavo"]
[Result "0-1"]
[WhiteElo "1923"]
[BlackElo "2183"]
[PlyCount "85"]
[EventDate "2013.08.29"]

1. Nf3 c5 2. c4 Nc6 3. d4 cxd4 4. Nxd4 g6 5. e4 Bg7 6. Be3 Nf6 7. Nc3 Ng4 8.
Qxg4 Nxd4 9. Qd1 e5 10. Qd2 O-O 11. Bd3 d6 12. f3 a6 13. b3 Be6 14. Rc1 Rc8 15.
O-O Qa5 16. Qf2 b5 17. Nd5 Rfe8 18. cxb5 Bxd5 19. exd5 axb5 20. f4 Rxc1 21.
Rxc1 e4 22. Bf1 Nf5 23. Bb6 Qa3 24. Re1 Qb4 25. Kh1 Rc8 26. Qe2 Re8 27. Rd1 e3
28. Qf3 Bc3 29. g3 Bd2 30. Qe2 Rb8 31. Bc7 Rc8 32. Bb6 Ra8 33. Bh3 Nd4 34. Bxd4
Qxd4 35. Bg2 b4 36. Qc4 Qxc4 37. bxc4 Rxa2 38. Bf3 Rc2 39. Be2 b3 40. Bd3 Rc3
41. Be4 e2 42. Bg2 Rf3 43. Bxf3 0-1

[Event "78th ch-ESP 2013"]
[Site "Linares ESP"]
[Date "2013.08.30"]
[Round "2.30"]
[White "Gonzalez del Campo, Diego"]
[Black "Lorente Penalva, Diego"]
[Result "0-1"]
[WhiteElo "1913"]
[BlackElo "2178"]
[PlyCount "114"]
[EventDate "2013.08.29"]

1. f4 d5 2. Nf3 g6 3. g3 Bg7 4. Bg2 Nh6 5. O-O O-O 6. d3 d4 7. c3 c5 8. e4 dxe3
9. Bxe3 Qc7 10. Na3 Rd8 11. Qe2 Ng4 12. Bc1 Bf5 13. d4 cxd4 14. Nxd4 Bxd4+ 15.
cxd4 Nc6 16. Nb5 Nxd4 17. Nxd4 Rxd4 18. h3 Nf6 19. Re1 Be4 20. Be3 Rc4 21. Rac1
b5 22. Rxc4 Qxc4 23. Qxc4 bxc4 24. Rc1 Rb8 25. Bxe4 Nxe4 26. Rxc4 Nxg3 27. b4
a6 28. a4 Nf5 29. Ba7 Rb7 30. Rc8+ Kg7 31. Bc5 Rd7 32. Rc6 Rd3 33. Rxa6 Rxh3
34. b5 Rb3 35. b6 h5 36. Ra5 Rb1+ 37. Kf2 Rb2+ 38. Ke1 Rb1+ 39. Kd2 h4 40. Rb5
Rxb5 41. axb5 h3 42. Bg1 Nd6 43. Ke3 Kf6 44. Kf3 Ke6 45. Kg3 Kd5 46. Kxh3 Kc4
47. Kg4 Kxb5 48. b7 Nxb7 49. f5 gxf5+ 50. Kxf5 Kc6 51. Bf2 Kd5 52. Bh4 Nd6+ 53.
Kf4 e5+ 54. Kf3 f5 55. Bg3 Ne4 56. Be1 Ng5+ 57. Kg3 Ke4 0-1

[Event "78th ch-ESP 2013"]
[Site "Linares ESP"]
[Date "2013.08.31"]
[Round "3.1"]
[White "Larino Nieto, David"]
[Black "Korneev, Oleg"]
[Result "0-1"]
[WhiteElo "2491"]
[BlackElo "2625"]
[PlyCount "132"]
[EventDate "2013.08.29"]

1. e4 e5 2. Nc3 Nc6 3. Nge2 Bc5 4. d3 Nf6 5. Be3 Bxe3 6. fxe3 d6 7. Ng3 h5 8.
h4 Ng4 9. Qf3 Ne7 10. d4 c6 11. Bc4 Nf6 12. dxe5 dxe5 13. Nf5 Bxf5 14. exf5 Qd6
15. a3 Qc5 16. Ne4 Nxe4 17. Qxe4 Ng8 18. b4 Nf6 19. Qd3 Qb6 20. O-O-O O-O 21.
e4 a5 22. Bb3 axb4 23. Rhe1 Rxa3 24. Kb2 Raa8 25. Qd6 Rfe8 26. Qd2 Red8 27. Qe2
Rxd1 28. Rxd1 Qa5 29. c3 bxc3+ 30. Kc2 Qb4 31. Qe3 c5 32. Qxc3 Qxc3+ 33. Kxc3
Nxe4+ 34. Kb2 Nf6 35. Rd6 b5 36. Rb6 c4 37. Bc2 Ra5 38. Rb8+ Kh7 39. Rb7 e4 40.
Bd1 b4 41. Rxb4 Rxf5 42. Rxc4 Rf2+ 43. Rc2 Rf4 44. g3 Rf1 45. Be2 Rg1 46. Rc3
Nd5 47. Rc4 f5 48. Bxh5 g6 49. Rc5 Ne3 50. Rc3 Nd5 51. Rc5 Nb4 52. Be2 Rg2 53.
Kc3 Rxe2 54. Kxb4 Rb2+ 55. Ka4 Rg2 56. Rc3 Kh6 57. Kb4 Kh5 58. Ra3 Kg4 59. Ra6
Rxg3 60. Rxg6+ Kxh4 61. Re6 Kg4 62. Kc4 Rd3 63. Re5 Rd8 64. Kc3 Kf4 65. Ra5 e3
66. Ra1 e2 0-1

[Event "78th ch-ESP 2013"]
[Site "Linares ESP"]
[Date "2013.08.31"]
[Round "3.2"]
[White "Salgado Lopez, Ivan"]
[Black "Teran Alvarez, Ismael"]
[Result "1/2-1/2"]
[WhiteElo "2614"]
[BlackElo "2422"]
[PlyCount "123"]
[EventDate "2013.08.29"]

1. d4 Nf6 2. Nf3 e6 3. g3 b6 4. Bg2 Bb7 5. O-O Be7 6. c4 O-O 7. Bf4 d5 8. Ne5
Nbd7 9. Nc3 c6 10. Rc1 Nh5 11. Bd2 Nhf6 12. f4 c5 13. e3 Ne4 14. Nxe4 dxe4 15.
Bc3 Nxe5 16. fxe5 Bg5 17. Re1 cxd4 18. Bxd4 f5 19. exf6 Bxf6 20. Bxf6 Qxf6 21.
Rf1 Qg5 22. Qd7 Qxe3+ 23. Kh1 Rab8 24. b4 Qg5 25. Rxf8+ Rxf8 26. Rf1 Rxf1+ 27.
Bxf1 Qf6 28. Qe8+ Qf8 29. Qxe6+ Qf7 30. Qxf7+ Kxf7 31. Kg1 Kf6 32. Kf2 Ke5 33.
Ke3 Bc8 34. a3 Be6 35. h4 h6 36. Be2 Bf7 37. c5 bxc5 38. bxc5 Kd5 39. c6 Kxc6
40. Kxe4 Kd6 41. Kf5 Ke7 42. Ke5 Bb3 43. g4 Bc2 44. Kd5 Kf6 45. Kc5 a5 46. Kb5
a4 47. Kb4 g5 48. hxg5+ Kxg5 49. Kc3 Bb3 50. Kd2 Kf4 51. Kd3 Be6 52. Bd1 Bd7
53. Kd2 Bc6 54. Kd3 Bb5+ 55. Kc3 Be8 56. Kd3 Bd7 57. Kd2 Bxg4 58. Bxa4 h5 59.
Ke1 Ke5 60. Kd2 Kf4 61. Ke1 Kg3 62. Bb3 1/2-1/2

[Event "78th ch-ESP 2013"]
[Site "Linares ESP"]
[Date "2013.08.31"]
[Round "3.3"]
[White "Vega Gutierrez, Sabrina"]
[Black "Illescas Cordoba, Miguel"]
[Result "1/2-1/2"]
[WhiteElo "2402"]
[BlackElo "2608"]
[PlyCount "84"]
[EventDate "2013.08.29"]

1. e4 e5 2. Nf3 Nc6 3. Bb5 a6 4. Ba4 Nf6 5. O-O Nxe4 6. Re1 Nc5 7. Nxe5 Nxe5 8.
Rxe5+ Be7 9. Nc3 O-O 10. Bb3 d6 11. Re1 c6 12. d4 Nxb3 13. axb3 Bf5 14. Bf4 Re8
15. Qd2 Bg6 16. Ne4 Bf8 17. Ng3 Rxe1+ 18. Rxe1 h6 19. b4 a5 20. bxa5 Rxa5 21.
c3 Ra2 22. Qe2 d5 23. h3 Qh4 24. Bc1 Qd8 25. Qg4 Ra1 26. h4 Kh8 27. h5 Bh7 28.
Qf4 Kg8 29. Bd2 Rxe1+ 30. Bxe1 Be7 31. Qg4 Bg5 32. Qe2 b6 33. b3 Qe7 34. Kf1
Qe6 35. Bd2 Qxe2+ 36. Kxe2 Bd8 37. Bf4 Kf8 38. f3 Ke7 39. Be5 f6 40. Bf4 Ke6
41. Nf1 Be7 42. Bc7 b5 1/2-1/2